000 01227cam a22002174a 4500
005 20250605164138.0
008 250528s ||||||||||||||||||||||||d
035 _a18845
020 _a415005094
040 _aGR-AtMCL
_bgre
_dGR-AtMCL
_eAACR2
245 1 _aBroadcasting and New Media Policies in Western Europe / A Comparative Study of Technological Change and Public Policy
250 _a1st
260 _bRouledge,
_c1988
300 _a358
520 _aPreface, The Context of New Media Politics in Western Europe, The Debate about the Future of Broadcasting: An Analysis, Regulatory Change in Western Europe: From National Cultural Regulation to International Economic Statecraft, New Media Policies and the Politics of Central-Local Relations in France, New Media Policy Dilemmas in West Germany: From Ideological Polarisation to Regional Economic Competition, New Media in Britain: Is There a Policy?, Regulating New Media: The Implementation Process, Conclusions: Patterns of Regulatory Change in Western Europe, Appendix: Glossary, Index.
700 1 _aDyson Kenneth And Humphreys Peter
_95113
700 1 _aNegrine Ralph And Simon Jean-Paul
_95114
942 _cBK
999 _c4155
_d4155